|
|
|
|
| LEADER |
00000nam0a2200000 4500 |
| 001 |
193428 |
| 005 |
20231101224502.0 |
| 010 |
|
|
|a 9785406019931
|
| 035 |
|
|
|a (RuTPU)RU\TPU\book\210950
|
| 035 |
|
|
|a RU\TPU\book\173429
|
| 090 |
|
|
|a 193428
|
| 100 |
|
|
|a 20090515d2012 m y0rusy50 ca
|
| 101 |
0 |
|
|a rus
|
| 102 |
|
|
|a RU
|
| 105 |
|
|
|a y j 001zy
|
| 200 |
1 |
|
|a Методы решения творческих задач в менеджменте
|e учебно-практическое пособие
|f А. Н. Цветков, В. Е. Зарембо
|
| 210 |
|
|
|a Москва
|c КноРус
|d 2012
|
| 215 |
|
|
|a 151 с.
|
| 320 |
|
|
|a Библиогр.: с. 150-151.
|
| 330 |
|
|
|a В менеджменте творческие задачи возникают постоянно, поэтому знание методов их решения — неотъемлемая часть подготовки менеджера. Найденные творческие решения — основа стратегических конкурентных преимуществ, то есть таких характеристик организации или бизнеса, которые конкуренты не в состоянии воспроизвести. Предлагаемое пособие поможет освоить теорию и алгоритмы решения творческих задач и взглянуть на многие управленческие задачи под неожиданным углом зрения. Для студентов, обучающихся по направлению «Менеджмент», менеджеров и руководителей предприятий.
|
| 606 |
1 |
|
|a Управленческие решения
|x Принятие
|2 stltpush
|3 (RuTPU)RU\TPU\subj\37173
|9 58293
|
| 610 |
1 |
|
|a управление
|
| 610 |
1 |
|
|a менеджмент
|
| 610 |
1 |
|
|a управленческие решения
|
| 610 |
1 |
|
|a творческие задачи
|
| 610 |
1 |
|
|a творчество
|
| 610 |
1 |
|
|a идеи
|
| 610 |
1 |
|
|a технологии
|
| 610 |
1 |
|
|a результаты
|
| 610 |
1 |
|
|a оформление
|
| 610 |
1 |
|
|a интеллектуальные способности
|
| 610 |
1 |
|
|a IQ-тесты
|
| 610 |
1 |
|
|a тесты
|
| 610 |
1 |
|
|a задачи
|
| 610 |
1 |
|
|a решения
|
| 610 |
1 |
|
|a учебные пособия
|
| 686 |
|
|
|a У9(2)212.8я73
|v LBC/SL-A
|2 rubbk
|
| 700 |
|
1 |
|a Цветков
|b А. Н.
|g Алексей Николаевич
|
| 701 |
|
1 |
|a Зарембо
|b В. Е.
|g Владлена Евгеньевна
|
| 801 |
|
1 |
|a RU
|b 63413507
|c 20110323
|
| 801 |
|
2 |
|a RU
|b 63413507
|c 20150622
|g RCR
|
| 942 |
|
|
|c BK
|
| 959 |
|
|
|a 32/20110323
|d 1
|e 100,00
|f ЧЗТЛ:1
|
| 959 |
|
|
|a 88/20120531
|d 2
|e 99,00
|f ЧЗГЛ:1
|f АНЛ:1
|